000 00563ntaaa2200193 4500
003 01
005 20251027201246.0
008 0714s1973 ag 01
040 _aAR-BaBN
_bspa
_cAR-BaBN
_eaacr
_dRIC
082 _a220.93 D92
100 _aDupont-Sommer, A.
245 _aEssene writings from Qumran /
_cA. Dupont-Sommer
250 _a1 ed. :
_bWorld Publishing Co.,
_cc/962
300 _axvi, 428 p.
500 _aThe most complete translations of the Dead Sea literature.
650 _aArqueología
_95159
650 _aRollos del Mar Muerto
_9204
942 _cBK
999 _c6958
_d6958